000 00564 a2200181 4500
003 Nust
005 20251015114823.0
040 _cNust
082 _a621.382
100 _aMir, Major Asad Ullah Jan ( TE-17)
_9131115
245 _aCommunication problems in Northern areas /
_cMajor Asad Ullah Jan Mir & Capt Mohammad Iqbal Karimi & Capt Tariq Javed Kakar & Capt Salman Ali Dawood (Iraq)
260 _aUET,Lahore
_bMCS
_c1985
300 _a45 ,p.;
538 _aT2 and Shelf No 3
650 _aUG Projects
_998716
651 _aTE-17
_9131114
942 _cPR
_2ddc
999 _c181899
_d181899